Statistics for Top 50 Countries by Population in 2100 - In Order

Click here to take the quiz!

General Stats

  • This quiz has been taken 109 times
  • The average score is 29 of 50

Answer Stats

Population Country % Correct
1,659 milIndia
100%
1,004 milChina
100%
450 milUnited States
97%
752 milNigeria
96%
364 milPakistan
95%
313 milIndonesia
93%
242 milEthiopia
90%
200 milBrazil
90%
203 milUganda
89%
389 milD.R. Congo
86%
117 milRussia
82%
300 milTanzania
82%
209 milNiger
82%
201 milEgypt
82%
169 milBangladesh
82%
168 milPhilippines
82%
148 milMexico
81%
105 milVietnam
79%
105 milZambia
77%
157 milKenya
75%
83.2 milJapan
74%
76.0 milFrance
71%
139 milAngola
71%
82.4 milUnited Kingdom
70%
164 milIraq
68%
63.2 milGermany
62%
50.8 milYemen
59%
127 milSudan
56%
87.9 milTurkey
52%
128 milMozambique
49%
69.6 milIran
48%
93.0 milMali
41%
49.6 milItaly
40%
58.6 milArgentina
33%
101 milIvory Coast
32%
105 milMadagascar
32%
82.4 milCameroon
30%
73.0 milGhana
27%
87.1 milMalawi
25%
65.7 milSouth Africa
23%
49.7 milCanada
23%
68.9 milChad
21%
56.0 milMyanmar
21%
81.0 milBurkina Faso
19%
61.1 milAlgeria
19%
57.6 milAfghanistan
15%
75.0 milSenegal
14%
62.6 milBurundi
12%
49.0 milGuinea
12%
58.3 milSomalia
10%

Score Distribution

Percentile by Number Answered

Percent of People with Each Score

Your Score History

You have not taken this quiz